书目信息 |
| 题名: |
中国哲学史
|
|
| 作者: | 任继愈 主编 | |
| 分册: | 第一册 先秦部分 | |
| 出版信息: | 北京 人民出版社 1985 |
|
| 页数: | 272页 | |
| 开本: | 20cm | |
| 丛书名: | ||
| 单 册: | ||
| 中图分类: | B2 | |
| 科图分类: | ||
| 主题词: | 哲学--中国 | |
| 电子资源: | ||
| ISBN: | 7-01-000208-8 | |
| 000 | 00586nam0 2200217 45 | |
| 001 | 0303070984 | |
| 005 | 20070731102058.19 | |
| 010 | @a7-01-000208-8@dCNY2.80 | |
| 100 | @a20030307d1985 km y0chiy0120 ea | |
| 101 | 0 | @achi |
| 102 | @aCN@b110000 | |
| 200 | 1 | @a中国哲学史@AZhong Guo Zhe Xue Shi@h第一册@i先秦部分@f任继愈主编@FRen Ji Yu Zhu Bian |
| 205 | @a4版 | |
| 210 | @a北京@c人民出版社@d1985 | |
| 215 | @a272页@d20cm | |
| 517 | @a先秦部分@AXian Qin Bu Fen | |
| 606 | 0 | @a哲学@x中国 |
| 690 | @aB2@v3 | |
| 701 | 0 | @a任继愈@4主编 |
| 801 | @aCN@bTSTC@c20070731 | |
| 905 | @dB2@e1:1=4 | |
| 中国哲学史.第一册.先秦部分/任继愈主编.-4版.-北京:人民出版社,1985 |
| 272页;20cm |
| ISBN 7-01-000208-8:CNY2.80 |
| ● |
| 相关链接 |
|
|
|
|
正题名:中国哲学史
索取号:B2/1:1=4
 
预约/预借
| 序号 | 登录号 | 条形码 | 馆藏地/架位号 | 状态 | 备注 |
| 1 | 0787071 | 207870712 | 密集书库/ [索取号:B2/1:1=4] | 在馆 |